|
|
|
|
| LEADER |
01846nam a22003977a 4500 |
| 001 |
mzk03000552158 |
| 003 |
CZ BrMZK |
| 005 |
20130814124728.0 |
| 007 |
ta |
| 008 |
010907s1589 xr fr|||||00| ||latod |
| 040 |
|
|
|a BOA001
|b cze
|c BOA001
|
| 072 |
|
7 |
|a 094
|x Staré tisky
|2 Konspekt
|9 12
|
| 080 |
|
|
|a (0.068)094
|2 MRF
|
| 100 |
1 |
|
|a Simonius, Simon,
|d 1532-1602
|7 mzk2009511195
|4 aut
|
| 245 |
1 |
0 |
|a Scopae Quibus Verritur Confutatio :
|b quam Aduocati Nicolai Buccellae Itali chirurgi Anabaptistae, innumeris Mendaciorum, Calumniarum, Errorumque purgamentia infartam, postremo emiserunt : Dum hic De morbo atque Obitu Diui Step. Regis Polon. agitur, vnâ breuiter quidem, sed non inerudite tractantur argumenta Medicae Artis aliquot:et Indicatur occasio, exponunturque causae ... /
|c Authore Simone Simonio Phil. ac Med. Doct.
|
| 260 |
|
|
|a Excusum Olomutii :
|b Typis Friderici Milichtaler,
|c 1589
|
| 300 |
|
|
|a [144] listů ;
|c 4°
|
| 500 |
|
|
|a Výzdoba: Iniciála
|
| 501 |
|
|
|a Obsahuje: Přívazek Responsum ... / S. Simonius
|
| 561 |
|
|
|a Provenience: David Miratus
|
| 561 |
|
|
|a Provenience: F.G. 1590 Viennae
|
| 563 |
|
|
|a Původní pergamenová vazba
|
| 653 |
|
|
|a Štěpán Báthory - král polský - smrt - příčiny
|
| 655 |
|
7 |
|a staré tisky
|7 fd422076
|2 czenas
|
| 700 |
1 |
|
|a Báthory, Štěpán,
|c polský král,
|d 1533-1586
|7 jx20080104001
|4 hnr
|
| 700 |
1 |
|
|a Buccella, Nicolaus,
|d 16. stol.
|4 ant
|
| 903 |
|
|
|a RP
|
| 910 |
|
|
|a BOA001
|b ST1-0399.074
|
| 978 |
|
|
|b Milichthaler, Bedřich
|a Olomouc
|c 1589
|
| 984 |
|
|
|a Olomouc
|b Česko
|
| 985 |
|
|
|a 1551-1600
|
| 990 |
|
|
|a BK
|
| 993 |
|
|
|a Y
|
| 991 |
|
|
|k mzk
|
| 996 |
6 |
|
|b 2619714502
|c ST1-0399.074
|l stud. ST
|r Sklad / do násl. otevíracího dne
|n 0
|w 000552158
|u 000010
|a 1
|e BOA001
|s P
|
| 994 |
|
|
|a DN
|l MZK03
|b 001033432
|m záznam 1. díla (pro objednání pokračujte kliknutím)
|n přívazek
|